000 00452nam a22001937a 4500
003 MPLRDC
005 20220104143745.0
008 210129b ||||| |||| 00| 0 eng d
020 _a7-103-00253-3
082 _a918.4 SRW
100 _a石人望 编著
245 _a口琴吹奏法
_c
250 _a一版十八刷
260 _a
_b人民音乐
_c1993
300 _b
490 _a音乐知识丛书
650 _a
942 _cBK
_o918.4 SRW
999 _c43037
_d43027